The Self and Its Pleasures (Record no. 351462)
[ view plain ]
| 000 -LEADER | |
|---|---|
| fixed length control field | 00690nam a2200133Ia 4500 |
| 008 - FIXED-LENGTH DATA ELEMENTS--GENERAL INFORMATION | |
| fixed length control field | 171212s9999 xx 000 0 und d |
| 020 ## - INTERNATIONAL STANDARD BOOK NUMBER | |
| International Standard Book Number | 9780801499548 |
| 100 ## - MAIN ENTRY--PERSONAL NAME | |
| Personal name | Dean, Carolyn J. |
| 245 ## - TITLE STATEMENT | |
| Statement of responsibility, etc | Dean, Carolyn J. |
| Title | The Self and Its Pleasures |
| Remainder of title | Bataille, Lacan, and the History of the Decentered Subject |
| 260 ## - PUBLICATION, DISTRIBUTION, ETC. (IMPRINT) | |
| Name of publisher, distributor, etc | Cornell University Press |
| Date of publication, distribution, etc | 1992 |
| 650 ## - SUBJECT ADDED ENTRY--TOPICAL TERM | |
| Topical term or geographic name as entry element | Language & Literature |
| 650 ## - SUBJECT ADDED ENTRY--TOPICAL TERM | |
| Topical term or geographic name as entry element | Self -- History -- 20th century; Self (Philosophy) -- History -- 20th century; Masochism -- History; Criminal psychology -- History; Lacan, Jacques, 1901–; Bataille, Georges, 1897–1962; France -- Intellectual life -- 20th century |
| 856 ## - ELECTRONIC LOCATION AND ACCESS | |
| Uniform Resource Identifier | <a href="http://jstor.org/stable/10.7591/j.ctt1g69xct">http://jstor.org/stable/10.7591/j.ctt1g69xct</a> |
| Withdrawn status | Lost status | Damaged status | Home library | Current library | Date acquired | Total Checkouts | Full call number | Date last seen | Price effective from | Koha item type |
|---|---|---|---|---|---|---|---|---|---|---|
| College Library | College Library | 12/12/2017 | BF 697 .D363 1992 | 12/12/2017 | 12/12/2017 | Curriculum - Based eBooks |